000 nam a22 7a 4500
999 _c7539
_d7539
008 170920b xxu||||| |||| 00| 0 eng d
100 _aBracley Sue
_94062
245 _aUsing Energy
250 _a9th edition
260 _aUSA
_bWorld Book House
_c1992